00868nam a2200241 a 4500001001000000003000500010005001700015008004100032010001100073011001100084040000900095100002600104245014400130260004100274500006000315502006600375650002900441650002500470650002700495650001800522856001600540856007000556000111287CHAP20220329144205.0150128s2014 mx fsm |||||||spa d a107749 a108721 cCHAP1 aCantero Medina, David10aAnálisis de la red de valor de la agricultura bajo cubierta en el Estado de Tamaulipas, Méxicoh[En línea]cpor David Cantero Medina. aChapingo, Méx. :bEl autor,c2014. aPara ver el contenido del material haga clic en la liga aTesis (M. C. en Estrategia Agroempresarial) -- UACH. CIESTAAM14aAgriculturaxTamaulipas.14aAnálisis de redes.14aCultivos de cobertura.14aHorticultura. a1 n0001256 aFinding aiduhttp://10.13.5.2/tesis/sist111287.pdfzTeclea aquí